000 01523cam a22003977a 4500
003 CHAP
005 20220329142705.0
008 021104d2001 mx abd r 00110 spa d
010 _a86561
011 _a87533
020 _a9688175064
035 _a98077
040 _cCHAP
082 0 4 _a628.1
_bC68 2002
110 1 _aComisión Nacional del Agua. México
_925810
245 1 0 _aCompendio básico del agua en México 2002:
_bprograma nacional hidráulico 2001-2006
_c/por Comisión Nacional del Agua
250 _a3 ed.
260 _aMéxico, D.F. :
_bComisión Nacional del Agua,
_c2001
300 _a96 p. :
_bilus. ; gráfs. ; mapas ; cuadros
590 _aBATCH-UPD
_b10
_c20130110
_lUCH01
_h1633
590 _aBATCH-UPD
_b10
_c20130410
_lUCH01
_h1025
590 _aBATCH-UPD
_b10
_c20130914
_lUCH01
_h1955
590 _aBATCH-UPD
_b10
_c20141001
_lUCH01
_h1312
590 _aCONVERSION
_b10
_c20130109
_lUCH01
_h1348
650 0 4 _aAgua
_xConservacion
_xMexico.
_92330
650 1 4 _aAgua
_xDistribucion.
_92366
650 1 4 _aAgua
_xUtilización.
_92401
650 1 4 _aRecursos hidráulicos
_xMéxico.
_995116
901 _aBK
905 _aMarco A. Mendoza T.
942 _cLIBRO
949 _a628.1 C68 2002
_bBC
_cLIBRO
_d33724000880365
_eLIBRO
_h103270
_i98077
_si
949 _a628.1 C68 2002
_bBC
_cLIBRO
_d33724000880373
_eLIBRO
_fc.2
_h103271
_i98077
_si
949 _a628.1 C68 2002
_bBC
_cLIBRO
_d33724000880381
_eLIBRO
_fc.3
_h103272
_i98077
_si
949 _a628.1 C68 2002
_bBC
_cLIBRO
_d33724000880399
_eLIBRO
_fc.4
_h103273
_i98077
_si
999 _c86561
_d86561